1063 1986 1186 1428 1529 1915 1930 1517 1988 1479 1888 1855 1911 1386 1554 1000 1453 1629 1316 1380 1657 1590 1758 1169 1252 1941 1641 1324 1041 1740 1517 1213 1726 1609 1899 1887 1283 1141 1584 1788 1959 1976 1522 1151 1009 1159 1631 1497 1214 1398 1095 1669 1761 1420 1120 1180 1936 1679 1455 1020 1722 1992 1552 1709 1595 1880 1391 1068 1358 1497 1697 1558 1834 1089 1066 1754 1290 1140 1234 1609 1956 1520 1036 1499 1077 1874 1673 1407 1668 1795 1607 1522 1294 1740 1512 1358 1837 1815 1467 BCNSPRNW ULIB Ver.6.0+V

เปลี่ยนเป็นภาษาไทย

Change to English
 แสดงรายละเอียดบรรณานุกรม
  กลับหน้าหลัก

Brief Record : Get Marc (ISO 2709) : E-mail record : QR code < ปิดหน้าต่าง
LEADER : 00000nam 2200000uu 4500
001    13399111142
003     ULIB
008    110617s2549||||th 000 0 tha d
020    9789748817941
060 04 WY18.2^bว585ส 2549
245 00 สาระทบทวน :^bกฎหมายและจรรยาบรรณวิชาชีพการพยาบาล /^cบรรณาธิการ, ละเอียด แจ่มจันทร์, สุรี ขันธรักษวงศ์
246 30 กฎหมายและจรรยาบรรณวิชาชีพการพยาบาล
250    พิมพ์ครั้งที่ 3
260    กรุงเทพฯ :^bจุดทอง, ^c2549
300    144 หน้า ;^c26 ซม.
650  7 การพยาบาล^xกฎหมายและระเบียบข้อบังคับ
650  7 จรรยาบรรณพยาบาล
700 0  ละเอียด แจ่มจันทร์,^eบรรณาธิการ
700 0  สุรี ขันธรักษวงศ์,^eบรรณาธิการ
945    ^p70^l0^i24638
945    ^p70^l0^i24637
945    ^p70^l0^i24636
995     เกษร
999    ^aใช้งานได้ทุกระบบ
รายการนี้ยังไม่มีแท็ก
คุณยังไม่ได้ล็อกอิน คุณสามารถมีกิจกรรมร่วมกับเว็บไซต์ได้ แต่ต้องล็อกอินก่อน ::
  ล็อกอิน

รายการสื่อสารสนเทศ

ลำดับที่ ประเภท เลขเรียก/บาร์โค้ด สถานที่ สถานะ
1. วิทยาศาสตร์การแพทย์ และสุขภาพ
วิทยาศาสตร์การแพทย์ และสุขภาพ
WY18.2 ว585ส 2549 ฉ.1 
  Barcode: 24636
ห้องสมุดวิทยาเขตนครสวรรค์
►ส่วนจัดเก็บหนังสือเก่า นว.
บนชั้น
  ขอยืม
2. วิทยาศาสตร์การแพทย์ และสุขภาพ
วิทยาศาสตร์การแพทย์ และสุขภาพ
WY18.2 ว585ส 2549 ฉ.2 
  Barcode: 24637
ห้องสมุดวิทยาเขตสวรรค์ประชารักษ์
►นวนิยาย
บนชั้น
  ขอยืม
3. วิทยาศาสตร์การแพทย์ และสุขภาพ
วิทยาศาสตร์การแพทย์ และสุขภาพ
WY18.2 ว585ส 2549 ฉ.3 
  Barcode: 24638
ห้องสมุดวิทยาเขตนครสวรรค์
►ส่วนจัดเก็บหนังสือเก่า นว.
บนชั้น
  ขอยืม

รายการใกล้เคียง
    หัวเรื่อง [จรรยาบรรณพยาบาล]

BibComment


ยังไม่เคยถูกคอมเมนท์

คอมเมนท์ทรัพยากรรายการนี้
  คอมเมนท์: สาระทบทวน กฎหมาย..


 Copyright 2026. Bcnsprnw @Library